Pohjois-Karjalan maakunnan kunnat - Statistics

Yleistilastot
  • Tätä visaa on pelattu 478 kertaa
  • Keskiarvotulos 11 / 22
Vastaustilastot
Hint Vastaus % Oikein
kaupunki Joensuu
95%
kaupunki Lieksa
82%
kaupunki Kitee
79%
kunta Ilomantsi
72%
kaupunki Nurmes
72%
kunta Liperi
68%
kaupunki Outokumpu
65%
kunta Kontiolahti
62%
kunta Tohmajärvi
58%
kunta Juuka
56%
kunta Rääkkylä
53%
kunta (2009) Eno
51%
kunta Polvijärvi
51%
kunta Valtimo
40%
kunta (2013) Kesälahti
36%
kunta (2005) Tuupovaara
33%
kunta (2005) Kiihtelysvaara
32%
kunta (2009) Pyhäselkä
18%
kunta (2005) Värtsilä
18%
kunta (1973) Pielisjärvi
15%
kunta (1954) Pielisensuu
14%
kunta (1973) Nurmeksen maalaiskunta
8%
Ehtoja vastaavia visoja ei löytynyt
Tulosjakauma
Jokaisen tuloksen saaneiden osuus
Persentiili vastausten määrän mukaan
Tuloshistoriasi
Et ole pelannut tätä visaa